Rukopisnyje pamjatniki vyp. 2. Slovesnyj vojevodskij sud. (Issledovanije i istočnik)

Bibliographic Details
Main Author: Jenin, G.P (Author)
Format: Book
Language:Russian
PhysicalDescription:148 s. 20 cm
Published: Sankt-Peterburg Rossijskaja nacional'naja biblioteka 1995
Subjects:

MARC

LEADER 00000nam a2200000 a 4500
001 vtls001222939
003 SK-MaSNL
005 20260301154604.0
008 251124s1995 RU 0 rus
020 |c [50,00] 
035 |a SNK000168729 
040 |a SNK  |b slo  |c SNK  |e AACR2 
044 |a RU 
080 |a 947.0"16/17"  |2 1981 
080 |a 091(470)"16/17"  |2 1981 
245 1 |a Rukopisnyje pamjatniki  |n vyp. 2.  |p Slovesnyj vojevodskij sud. (Issledovanije i istočnik)  |c G.P. Jenin 
260 |a Sankt-Peterburg  |b Rossijskaja nacional'naja biblioteka  |c 1995 
300 |a 148 s.  |c 20 cm 
648 7 |a 17.-18. storočie  |2 SNKPH  |9 291315 
650 0 7 |a ruské rukopisy  |2 SNKPH  |9 103363 
651 7 |a Rusko  |2 SNK  |9 17250 
655 7 |a štúdie  |2 SNKPH  |9 57033 
655 7 |a texty  |2 SNKPH  |9 70511 
700 1 |a Jenin, G.P.  |4 aut  |9 291316 
999 |c 797367  |d 799297 
952 |t P60, <04>, [BOOK], {604}  |a SNK  |b SNK  |y VYP  |7 0  |p 17A0017275  |o snkIC 126168/2  |i snkV 2129/96  |0 0  |1 0  |4 0  |d 1996-11-14  |l 0  |r 2005-01-01 00:00:00  |w 2026-02-24